00456nam a2200169 a 4500008004100000050001600041100003900057245003700096250001300133260002700146300002300173350000900196650001400205650002300219700002300242700002100265120416s1962 ||||||||||||||||| || u aHF 1025 Chi aChisholm, George Goudie, 1850-193010aHandbook of commercial geography a17th ed. aLondonbLongmansc1962 axiii, 915p. : ill. a0.00 0aECONOMICS 0aECONOMIC GEOGRAPHY aGilmour, S. Carter aStamp, L. Dudley